000 nam a22 7a 4500
999 _c10372
_d10372
008 180215b ||||| |||| 00| 0 eng d
100 _aGusain, V
_96326
245 _aComputer world class -III
260 _aNew Delhi
_bArya Publication
_c2012